000 00538nam a2200205Ia 4500
001 15816
003 GE_BSU
008 181216s||||||||xx |||||||||||||| ||und||
040 _cGE_BSU
080 _a821.353.1-1
100 _aჭიჭინაძე, კ.
245 _aლექსები
245 _cრედ.რ.გვეტაძე
260 _aთბილისი
260 _bსაბჭ. მწერალი
260 _c1943
300 _a52გვ. ; 15სმ
653 _aლექსები
942 _cBK
999 _c48913
_d48913